|
|
|
|
| LEADER |
00000ny a22000003n 4500 |
| 005 |
20110511135612.0 |
| 008 |
071017c20019999us zr pss 0 a0eng d |
| 022 |
|
|
|a 0890-3174
|
| 035 |
|
|
|a 3021
|
| 040 |
|
|
|a BUS
|d vLex
|
| 090 |
|
|
|c 1685
|d 1685
|
| 245 |
3 |
0 |
|a Weekly reader
|h [Recurso electrn̤ico]
|p Pre-K edition
|
| 256 |
|
|
|a Servicio en ln̕ea
|
| 260 |
|
|
|a [Nueva York] :
|b Weekly Reader Corporation
|
| 310 |
|
|
|a 16 nm︢eros al aǫ
|
| 650 |
0 |
4 |
|a Aprendizaje
|x Mťodos
|x Publicaciones perid̤icas
|
| 650 |
0 |
4 |
|a Pedagoga̕
|x Publicaciones perid̤icas
|
| 740 |
0 |
|
|a vLex Revista (Servicios en ln̕ea)
|
| 843 |
|
|
|a Electrn̤ica. Abierta
|
| 853 |
|
|
|8 1
|i (year)
|j (month)
|k (day)
|
| 856 |
4 |
0 |
|z Acceso restringido
|u http://vlex.com/account/login_ip?fuente_id=3021
|
| 942 |
|
|
|c REV
|